[Event "National Open 2012"]
[Site "Las Vegas USA"]
[Date "2012.06.17"]
[Round "5"]
[White "Kavutskiy, Konstantin"]
[Black "Ivanisevic, Ivan"]
[Result "0-1"]
[WhiteTitle "FM"]
[BlackTitle "GM"]
[WhiteElo "2280"]
[BlackElo "2655"]
[WhiteFideId "2026384"]
[BlackFideId "912417"]
[EventDate "2012.06.15"]

1. d4 g6 2. c4 Bg7 3. Nf3 c5 4. d5 Nf6 5. Nc3 O-O 6. Bg5 d6 7. e3 h6 8. Bh4 Qb6
9. Qc2 e5 10. h3 Na6 11. a3 Bf5 12. e4 Bd7 13. g4 Nc7 14. Rg1 Rfb8 15. Qd2 Nce8
16. g5 hxg5 17. Bxg5 Nh5 18. Be3 Qd8 19. Be2 Nef6 20. Ng5 a6 21. b4 b6 22. f3
Be8 23. Kf2 Nf4 24. h4 N6h5 25. Rgb1 Bf6 26. Rh1 Qc8 27. b5 axb5 28. cxb5 Ra5
29. a4 Rba8 30. Bc4 Bd7 31. Ke1 R8a7 32. Kd1 Qa8 33. Qc2 Kg7 34. Kc1 Qd8 35. Kb2
Bxg5 36. hxg5 Qxg5 37. Rag1 Qf6 38. Qf2 Rxa4 39. Nxa4 Rxa4 40. Kb3 Rb4+ 41. Kc3
Kf8 42. Rb1 Nh3 43. Qg2 N5f4 44. Qd2 Rxb1 45. Rxb1 Ng5 46. Rf1 Bg4 47. Be2 Nxe4+
48. fxe4 Bxe2 49. Ra1 Kg7 50. Ra6 Bf3 51. Qc2 Qh4 52. Rxb6 Nxd5+ 0-1

[Event "National Open 2012"]
[Site "Las Vegas USA"]
[Date "2012.06.17"]
[Round "5"]
[White "Bachmann, Axel"]
[Black "Liou, Yian"]
[Result "1/2-1/2"]
[WhiteTitle "GM"]
[WhiteElo "2566"]
[BlackElo "2312"]
[WhiteFideId "3700488"]
[BlackFideId "2039583"]
[EventDate "2012.06.15"]

1. e4 c5 2. Nc3 e6 3. Nf3 a6 4. d4 cxd4 5. Nxd4 Qc7 6. Bd3 Nf6 7. O-O d6 8. Kh1
g6 9. f4 Bg7 10. Be3 O-O 11. a4 b6 12. Qd2 Bb7 13. f5 exf5 14. exf5 Ng4 15. Bg1
Nd7 16. Be4 Bxe4 17. Nxe4 d5 18. Nc3 Ndf6 19. Rae1 Rfe8 20. Qd3 Ne5 21. Qg3 Nh5
22. Qh4 Qd6 23. Rd1 Nc4 24. fxg6 hxg6 25. Nf5 gxf5 26. Qxh5 Nxb2 27. Rxd5 Qg6
28. Qh3 Rac8 29. Rd4 Rc4 30. Rxc4 Nxc4 31. Nd5 b5 32. axb5 axb5 33. Rxf5 Nd6 34.
Rf1 Re5 35. Qf3 Qxc2 36. Nf6+ Bxf6 37. Qxf6 Re6 38. Qd8+ Ne8 39. Qd7 Nd6 40.
Qd8+ Ne8 41. Rf3 Qe2 42. Rf2 Qe5 43. h3 b4 44. Rf3 Qe4 45. Re3 Qc6 46. Rb3 Rg6
47. Qd2 Nd6 48. Rxb4 Nf5 49. Bh2 Ng3+ 50. Bxg3 Rxg3 51. Rh4 Qf6 52. Re4 Rg6 53.
Qe1 Qb2 54. Re2 Qf6 55. Kh2 Qf4+ 56. g3 Qd4 57. h4 Qf6 58. Rf2 Qd8 59. Qe5 Qd6
60. Qe8+ Qf8 61. Qd7 Qg7 62. Rf3 Re6 63. Kh3 Rg6 64. Re3 Qf6 65. Qd3 Qa1 66. Kg2
Qb2+ 67. Re2 Qf6 68. Rf2 Qc6+ 69. Kh2 Qb6 70. Qf3 Qe6 71. Re2 Qf6 72. Qh5 Qc6
73. Rf2 Qc3 74. Rg2 Kg7 75. Qf5 Qf6 76. Qd3 Qd6 77. Qf1 Qe5 78. Qf3 Qf6 79. Qb3
Qe6 80. Qc3+ Qf6 81. Qe1 Qf3 82. Re2 Qf6 83. Re5 Qf3 84. Re3 Qf5 85. Qe2 Rf6 86.
Kg1 Rg6 87. Rf3 Qc5+ 88. Kh2 Qd5 89. Qb2+ Kh7 90. Qf2 Kg8 91. Rf5 Qc4 92. Qf3
Qa2+ 93. Kh3 Qe6 94. g4 Qc4 95. h5 Rd6 96. Rg5+ Kh7 97. Kh4 Qe6 98. Rf5 Kg8 99.
Qc3 f6 100. Rc5 Qe7 101. Rc7 Rd7 102. Rxd7 Qxd7 103. Qxf6 Qd1 104. Qe6+ Kh8 105.
Qe5+ Kh7 106. Qe4+ Kh8 107. g5 Qd7 108. h6 Kg8 109. Kh5 Qf7+ 110. Qg6+ Kh8 1/2-1/2

[Event "National Open 2012"]
[Site "Las Vegas USA"]
[Date "2012.06.17"]
[Round "5"]
[White "Beilin, Allan"]
[Black "Wallach, Kenneth"]
[Result "1/2-1/2"]
[WhiteElo "1953"]
[BlackElo "2175"]
[WhiteFideId "2033160"]
[BlackFideId "2012391"]
[EventDate "2012.06.15"]

1. e4 c5 2. Nf3 g6 3. d4 cxd4 4. Nxd4 Nc6 5. c4 Nf6 6. Nc3 d6 7. Be2 Nxd4 8.
Qxd4 Bg7 9. Be3 O-O 10. Qd2 Be6 11. Rc1 a5 12. b3 Nd7 13. O-O Nc5 14. f3 f5 15.
Bd4 Qb6 16. exf5 Rxf5 17. Rfd1 Be5 18. Be3 Qb4 19. Nd5 Qxd2 20. Rxd2 Bxd5 21.
cxd5 Bf4 22. Bxf4 Rxf4 23. g3 Rb4 24. Rc4 Rxc4 25. Bxc4 Rb8 26. Bb5 g5 27. Rd4
Kf7 28. Kf2 Kf6 29. Ke3 h6 30. f4 Rf8 31. Kf3 b6 32. h3 Rc8 33. Kg4 Kg6 34. fxg5
hxg5 35. h4 gxh4 36. gxh4 Rf8 37. Rd2 Rf6 38. h5+ Kh6 39. Re2 e5 40. dxe6 Nxe6
41. Bc4 Nd4 42. Re7 Nc6 43. Re6 Ne5+ 44. Kh4 Rxe6 45. Bxe6 b5 46. a3 Nf3+ 47.
Kg4 Nd4 48. Bf7 Nc2 49. a4 bxa4 50. bxa4 Ne3+ 51. Kf4 Nd1 52. Ke4 Nc3+ 53. Kd4
Nxa4 54. Kd5 Nc3+ 55. Kxd6 a4 56. Kc5 a3 57. Kb4 a2 58. Bxa2 Nxa2+ 59. Kc4 Kxh5 1/2-1/2

[Event "National Open 2012"]
[Site "Las Vegas USA"]
[Date "2012.06.17"]
[Round "5"]
[White "Yankovsky, Roman"]
[Black "Vibbert, Sean"]
[Result "1-0"]
[WhiteTitle "IM"]
[WhiteElo "2466"]
[BlackElo "2214"]
[WhiteFideId "24110760"]
[BlackFideId "2030292"]
[EventDate "2012.06.15"]

1. e4 c5 2. Nf3 Nc6 3. d4 cxd4 4. Nxd4 Nf6 5. Nc3 d6 6. Be2 e6 7. Be3 Be7 8. g4
d5 9. exd5 Nxd5 10. Nxd5 exd5 11. Bb5 Bd7 12. Qe2 Nxd4 13. Bxd7+ Qxd7 14. Bxd4
O-O 15. O-O-O f5 16. h3 Rac8 17. Kb1 Bf6 18. Bxf6 Rxf6 19. Qd3 fxg4 20. hxg4 g6
21. Qd4 Qf7 22. Rxh7 Kxh7 23. g5 Rc4 24. Rh1+ Kg8 25. Qe5 Re4 26. Qh2 Re1+ 27.
Rxe1 Rxf2 28. Qb8+ Kg7 29. Qe5+ Kg8 30. Qb8+ Kg7 31. Qxa7 Rf1 32. Qd4+ Kg8 33.
Qd1 Rxe1 34. Qxe1 Qf4 35. Qe8+ Kg7 36. Qe7+ Qf7 37. Qxf7+ Kxf7 38. a4 Ke6 39. b4
Kf5 40. a5 Ke5 41. b5 Kd6 42. a6 bxa6 43. bxa6 Kc6 44. Kb2 Kb6 45. Kc3 Kxa6 46.
Kd4 1-0

[Event "National Open 2012"]
[Site "Las Vegas USA"]
[Date "2012.06.17"]
[Round "5"]
[White "Raptis, Nick"]
[Black "Stewart, William John"]
[Result "0-1"]
[WhiteTitle "FM"]
[WhiteElo "2268"]
[BlackElo "2217"]
[WhiteFideId "2016850"]
[BlackFideId "2036762"]
[EventDate "2012.06.15"]

1. d4 Nf6 2. Nf3 g6 3. c4 Bg7 4. Nc3 O-O 5. e4 d6 6. Be2 e5 7. O-O Nc6 8. d5 Ne7
9. Ne1 Nd7 10. Be3 f5 11. f3 f4 12. Bf2 g5 13. Rc1 Rf6 14. Nd3 Ng6 15. c5 dxc5
16. Nxc5 Nxc5 17. Bxc5 h5 18. Nb5 a6 19. Na3 Nh4 20. Bf2 Rg6 21. h3 Qd7 22. Bxh4
gxh4 23. Kf2 Bf8 24. Qc2 Bd6 25. Rfd1 b6 26. Qc6 Bc5+ 27. Rxc5 Rxc6 28. Rxc6 Qg7
29. Rdc1 Qg3+ 30. Kf1 Bxh3 31. gxh3 Qxh3+ 32. Ke1 Qg2 33. Kd2 h3 34. Rxc7 h2 35.
d6 h1=Q 36. Rxh1 Qxh1 37. d7 Rd8 38. Rc8 Qh4 39. Bxa6 Kf7 40. Rxd8 Qxd8 41. Bb5
Qc7 42. Nc4 Ke7 43. Ke2 Qc5 44. a4 0-1

[Event "National Open 2012"]
[Site "Las Vegas USA"]
[Date "2012.06.17"]
[Round "6"]
[White "Bryant, John Daniel"]
[Black "Belakovskaia, Anjelina"]
[Result "1-0"]
[WhiteTitle "FM"]
[BlackTitle "WGM"]
[WhiteElo "2363"]
[BlackElo "2267"]
[WhiteFideId "2031280"]
[BlackFideId "2008599"]
[EventDate "2012.06.15"]

1. e4 e5 2. Nf3 Nc6 3. Bc4 Bc5 4. c3 Nf6 5. d3 d6 6. Bb3 Bb6 7. O-O Be6 8. Nbd2
Bxb3 9. Qxb3 Nd7 10. Nc4 Nc5 11. Qc2 Ne6 12. a4 a6 13. Nxb6 cxb6 14. Be3 Rc8 15.
Nd2 O-O 16. Qb3 Nc5 17. Bxc5 dxc5 18. Nc4 Qxd3 19. Rad1 Nd4 20. Qa2 Ne2+ 21. Kh1
Qc2 22. Rd2 Nc1 23. Qa1 Qxe4 24. Nd6 Nb3 25. Nxe4 Nxa1 26. Rxa1 f5 27. Nd6 Rc6
28. Rad1 e4 29. g3 g5 30. Rd5 Kg7 31. Nxf5+ Kf6 32. Nd6 h6 33. Nxe4+ Ke6 34. c4 1-0

[Event "National Open 2012"]
[Site "Las Vegas USA"]
[Date "2012.06.17"]
[Round "6"]
[White "Ramirez, Alejandro"]
[Black "Formanek, Edward W"]
[Result "1-0"]
[WhiteTitle "GM"]
[BlackTitle "IM"]
[WhiteElo "2593"]
[BlackElo "2157"]
[WhiteFideId "6500617"]
[BlackFideId "2001640"]
[EventDate "2012.06.15"]

1. d4 d5 2. c4 c6 3. Nf3 Nf6 4. Nc3 dxc4 5. a4 Bf5 6. e3 e6 7. Bxc4 Nbd7 8. O-O
Bb4 9. Qe2 O-O 10. e4 Bg4 11. Rd1 Qc7 12. e5 Nd5 13. Nxd5 cxd5 14. Bd3 Be7 15.
h3 Bxf3 16. Qxf3 Rfc8 17. Bd2 Nf8 18. g3 f6 19. exf6 Bxf6 20. Bc3 Qf7 21. a5 Rc7
22. a6 b6 23. h4 Rac8 24. Re1 Qe8 25. h5 Qf7 26. Qg4 Be7 27. Re3 Bd6 28. Rae1
Qe8 29. h6 g6 30. Bd2 Qf7 31. Rf3 Qe8 32. Bg5 Rf7 33. Bf6 Be7 34. Bg7 Rxf3 35.
Qxf3 Qf7 36. Qg4 Rc6 37. Re3 Bd6 38. Rf3 Qe8 39. Bb5 Rc1+ 40. Kg2 Qc8 41. Qg5
Rc7 42. Qf6 1-0

[Event "National Open 2012"]
[Site "Las Vegas USA"]
[Date "2012.06.17"]
[Round "6"]
[White "Sevillano, Enrico"]
[Black "Lenderman, Aleksandr"]
[Result "1/2-1/2"]
[WhiteTitle "IM"]
[BlackTitle "GM"]
[WhiteElo "2517"]
[BlackElo "2587"]
[WhiteFideId "5200156"]
[BlackFideId "2021285"]
[EventDate "2012.06.15"]

1. e4 c6 2. d4 d5 3. exd5 cxd5 4. c4 Nf6 5. Nc3 Nc6 6. Nf3 Bg4 7. cxd5 Nxd5 8.
Qb3 Bxf3 9. gxf3 e6 10. Qxb7 Nxd4 11. Bb5+ Nxb5 12. Qxb5+ Qd7 13. Nxd5 exd5 14.
Qxd7+ Kxd7 15. Be3 Bb4+ 16. Ke2 Rhc8 17. Rac1 Ba5 18. Kd3 Bb6 19. b4 Rab8 20. a3
Rc6 21. Rxc6 Kxc6 22. Rc1+ Kb5 23. Bxb6 axb6 24. Kd4 Ra8 25. Rc3 Ra7 26. Kxd5
Rd7+ 27. Ke4 Ka4 28. Rc6 Kb5 29. Rc8 Rd6 30. Rc7 Re6+ 31. Kd4 Rf6 32. Ke3 Re6+
33. Kd3 Rf6 34. Ke3 Re6+ 1/2-1/2

[Event "National Open 2012"]
[Site "Las Vegas USA"]
[Date "2012.06.17"]
[Round "6"]
[White "Kudrin, Sergey"]
[Black "Hansen, Eric"]
[Result "0-1"]
[WhiteTitle "GM"]
[BlackTitle "IM"]
[WhiteElo "2550"]
[BlackElo "2454"]
[WhiteFideId "2000164"]
[BlackFideId "2606771"]
[EventDate "2012.06.15"]

1. e4 e5 2. Nf3 Nc6 3. Bc4 Bc5 4. c3 Nf6 5. d3 O-O 6. O-O d6 7. Re1 a6 8. Bb3
Ba7 9. Bg5 h6 10. Bh4 Kh7 11. Nbd2 g5 12. Bg3 g4 13. Nh4 Nh5 14. Nf1 Qg5 15. Ne3
Ne7 16. d4 Nxg3 17. hxg3 Qf6 18. Nxg4 Bxg4 19. Qxg4 exd4 20. Qf3 Kg7 21. Rad1
dxc3 22. bxc3 Rae8 23. Rd3 Ng6 24. Qxf6+ Kxf6 25. Nf5 h5 26. Kf1 Ne5 27. Rd5 Nd7
28. f4 Nb6 29. Rd2 Rg8 30. Ree2 Rg4 31. Rd3 Rgg8 32. Kf2 d5 33. Ne3 Rxe4 34. Kf3
c6 35. Red2 Rge8 36. Nc2 a5 37. a3 Nd7 38. Ba2 Nc5 39. Rd4 R4e7 40. c4 Ne4 41.
cxd5 Bxd4 42. Rxd4 c5 43. Rd3 Rg8 0-1

[Event "National Open 2012"]
[Site "Las Vegas USA"]
[Date "2012.06.17"]
[Round "6"]
[White "Yankovsky, Roman"]
[Black "Sharma, Arun"]
[Result "0-1"]
[WhiteTitle "IM"]
[WhiteElo "2466"]
[BlackElo "2331"]
[WhiteFideId "24110760"]
[BlackFideId "2008998"]
[EventDate "2012.06.15"]

1. e4 c5 2. Nf3 d6 3. d4 cxd4 4. Nxd4 Nf6 5. Nc3 a6 6. Be2 e6 7. g4 Nfd7 8. Be3
b5 9. f4 b4 10. Nb1 Bb7 11. Bf3 Nc5 12. Nd2 Nbd7 13. Qe2 Be7 14. g5 O-O 15. h4
Re8 16. h5 Bf8 17. O-O-O Rc8 18. Kb1 Qc7 19. g6 Nf6 20. gxf7+ Qxf7 21. Qg2 Kh8
22. Rdg1 e5 23. Ne2 Ncxe4 24. Nxe4 Nxe4 25. Rf1 Qc4 26. fxe5 dxe5 27. h6 g6 28.
Nc1 Rc7 29. Rh4 Rf7 30. Bxe4 Rxf1 31. Bxb7 Rxc1+ 32. Bxc1 Qxh4 33. Qc6 Rd8 34.
b3 Rd1 35. Qf3 Rxc1+ 36. Kxc1 Bxh6+ 37. Kd1 Qd4+ 38. Ke2 Bf4 39. Be4 Qd2+ 40.
Kf1 Kg7 41. Bd3 a5 42. Qe4 Bg3 43. Qb7+ Kh6 44. Qf3 Qf4 45. Kg2 Qxf3+ 46. Kxf3
Bf4 47. Kg4 Kg7 48. Be4 h5+ 49. Kh4 0-1

[Event "National Open 2012"]
[Site "Las Vegas USA"]
[Date "2012.06.17"]
[Round "6"]
[White "Von Krogh, Christopher"]
[Black "Brown, Michael William"]
[Result "0-1"]
[WhiteElo "2231"]
[BlackElo "2224"]
[WhiteFideId "2009927"]
[BlackFideId "2037602"]
[EventDate "2012.06.15"]

1. d4 d5 2. c4 dxc4 3. Nf3 Nf6 4. e3 e6 5. Bxc4 a6 6. O-O c5 7. dxc5 Bxc5 8.
Qxd8+ Kxd8 9. Be2 b5 10. Nbd2 Bb7 11. a4 b4 12. Nb3 Bd6 13. Na5 Bd5 14. Nc4 Bc5
15. Nce5 Ke7 16. Nd3 Bd6 17. Bd2 Nc6 18. Nf4 Bb3 19. Rac1 Na5 20. Nd3 Bc4 21.
Nd4 Rab8 22. Nc6+ Nxc6 23. Rxc4 Rb6 24. Rfc1 Kd7 25. Nc5+ Bxc5 26. Rxc5 Ne4 27.
R5c4 Nxd2 28. Rd1 Ke7 29. Rxd2 Rd8 30. Rxd8 Kxd8 31. Rc5 a5 32. Bf3 Kd7 33. g3
Kd6 34. Rh5 Ne5 35. Be2 h6 36. f4 Nc6 37. b3 e5 38. Bc4 f6 39. Kf2 Nd8 40. Kf3
Nb7 41. fxe5+ fxe5 42. Rf5 Rc6 43. Rf8 Rc7 44. Ra8 Rxc4 0-1

[Event "National Open 2012"]
[Site "Las Vegas USA"]
[Date "2012.06.17"]
[Round "6"]
[White "Foisor, Mihaela-Veronica"]
[Black "Liao, Simone"]
[Result "1-0"]
[WhiteTitle "WFM"]
[BlackTitle "WFM"]
[WhiteElo "2244"]
[BlackElo "1913"]
[WhiteFideId "2270757"]
[BlackFideId "2035782"]
[EventDate "2012.06.15"]

1. d4 d5 2. c4 c6 3. e3 Nf6 4. Nc3 Bf5 5. cxd5 cxd5 6. Qb3 Bc8 7. Bd3 e6 8. f4
Nc6 9. Nf3 a6 10. O-O Bd6 11. Bd2 O-O 12. Rac1 Na5 13. Qc2 Bd7 14. Ne5 Rc8 15.
Qd1 b5 16. b3 Qb6 17. Qe1 b4 18. Qh4 h6 19. Nxd7 Nxd7 20. Na4 Qb7 21. Rxc8 Qxc8
22. f5 Nc6 23. Rc1 Qb7 24. fxe6 fxe6 25. Qg4 Nd8 26. Nc5 Bxc5 27. Qg6 Rf6 28.
Qh7+ Kf7 29. dxc5 Nf8 30. Qh8 d4 31. c6 Nxc6 32. Be4 Qb5 33. Bxc6 Qe2 34. Bf3
Qxd2 35. Bh5+ Ke7 36. Qxg7+ 1-0

[Event "National Open 2012"]
[Site "Las Vegas USA"]
[Date "2012.06.17"]
[Round "6"]
[White "Ivanisevic, Ivan"]
[Black "Molner, Mackenzie"]
[Result "1/2-1/2"]
[WhiteTitle "GM"]
[BlackTitle "IM"]
[WhiteElo "2655"]
[BlackElo "2489"]
[WhiteFideId "912417"]
[BlackFideId "2021722"]
[EventDate "2012.06.15"]

1. d4 Nf6 2. c4 e6 3. Nc3 Bb4 4. Qc2 O-O 5. Nf3 d5 6. cxd5 exd5 7. Bg5 h6 8. Bh4
c5 9. dxc5 g5 10. Bg3 Ne4 11. e3 Nd7 12. Be2 Ndxc5 13. Nd4 Qa5 14. O-O Bxc3 15.
bxc3 Qxc3 16. Qxc3 Nxc3 17. Bd6 Ne6 18. Bxf8 Nxd4 19. Bd3 Nde2+ 20. Kh1 Kxf8 21.
Rfe1 d4 22. Bxe2 dxe3 23. Bc4 exf2 24. Re3 Na4 25. Rf1 Nb6 26. Bb3 Bf5 27. Rxf2
Rc8 28. h3 Bg6 29. Kh2 Rc7 30. Rfe2 Nc8 31. Re8+ Kg7 32. Rd8 Ne7 33. Red2 Be4
34. R8d7 Rxd7 35. Rxd7 Kf8 36. Rd8+ Kg7 37. Re8 Kf6 38. Rf8 Bg6 39. Ra8 a6 40.
Rb8 Be4 41. Bd1 Bd5 42. a3 Nf5 43. Rd8 Ke5 44. Bf3 Bxf3 45. gxf3 h5 46. Kg2 Ne3+
47. Kf2 Nc4 48. a4 b5 49. axb5 axb5 50. Rh8 h4 51. Rb8 Nd6 52. Ke2 f6 53. Rd8
Nf5 54. Re8+ Kd5 55. Kd3 Ng3 56. Rb8 Nh5 57. Rxb5+ Ke6 58. Ke4 Ng3+ 59. Ke3 Nh5
60. Ra5 Kf7 61. Ke4 1/2-1/2

[Event "National Open 2012"]
[Site "Las Vegas USA"]
[Date "2012.06.17"]
[Round "6"]
[White "Kekelidze, Mikheil"]
[Black "Kaufman, Raymond"]
[Result "1-0"]
[WhiteTitle "GM"]
[BlackTitle "IM"]
[WhiteElo "2494"]
[BlackElo "2336"]
[WhiteFideId "13600818"]
[BlackFideId "2015056"]
[EventDate "2012.06.15"]

1. c4 Nf6 2. Nc3 e5 3. Nf3 Nc6 4. e3 Bb4 5. Qc2 O-O 6. Nd5 Bc5 7. a3 a6 8. Ng5
g6 9. Nxf6+ Qxf6 10. Ne4 Qe7 11. Nxc5 Qxc5 12. b4 Qe7 13. Bb2 d6 14. Be2 f5 15.
f4 Bd7 16. O-O Rae8 17. Qc3 Nd8 18. c5 Nf7 19. Bf3 b6 20. c6 Bc8 21. d4 h5 22.
Rad1 h4 23. Rfe1 Kh7 24. dxe5 dxe5 25. e4 fxe4 26. Rxe4 Bf5 27. Ree1 h3 28. fxe5
Ng5 29. e6 Nxf3+ 30. Qxf3 Bxe6 1-0

[Event "National Open 2012"]
[Site "Las Vegas USA"]
[Date "2012.06.17"]
[Round "6"]
[White "Vibbert, Sean"]
[Black "Menon, Gopal S"]
[Result "0-1"]
[WhiteElo "2214"]
[BlackElo "2180"]
[WhiteFideId "2030292"]
[BlackFideId "2017482"]
[EventDate "2012.06.15"]

1. e4 c5 2. Nf3 a6 3. c3 d5 4. exd5 Nf6 5. d4 cxd4 6. cxd4 Nxd5 7. Nc3 Nc6 8.
Bc4 Be6 9. Be2 Nb6 10. O-O g6 11. Be3 Bg7 12. Qd2 O-O 13. Rfd1 Nd5 14. Bh6 Rc8
15. Bxg7 Kxg7 16. Ng5 Bf5 17. g4 Be6 18. f4 Qd7 19. h3 h6 20. Nge4 Qc7 21. Rf1
Rfd8 22. f5 Nxc3 23. bxc3 Bd5 24. Bf3 Ne5 25. dxe5 Bxe4 26. Qf4 Bd3 27. f6+ Kh7
28. fxe7 Qxe7 29. Rf2 Rxc3 30. Rd1 Bc4 31. Rd4 Be6 32. Kg2 Rxd4 33. Qxd4 Rc7 34.
Rb2 Qa3 35. Rf2 b5 36. Qf4 Qc1 37. Qf6 Qg5 38. h4 Qxf6 39. exf6 Rc4 40. Kg3 Ra4
41. Rd2 Rxa2 42. Rd1 b4 43. Bd5 Bxd5 44. Rxd5 b3 45. Rd7 Ra5 46. Rxf7+ Kg8 47.
Rg7+ Kf8 48. h5 gxh5 49. Rd7 b2 50. Rd1 Ra1 0-1

[Event "National Open 2012"]
[Site "Las Vegas USA"]
[Date "2012.06.17"]
[Round "6"]
[White "Stewart, William John"]
[Black "Robson, Ray"]
[Result "1-0"]
[BlackTitle "GM"]
[WhiteElo "2217"]
[BlackElo "2614"]
[WhiteFideId "2036762"]
[BlackFideId "2023970"]
[EventDate "2012.06.15"]

1. e4 c5 2. Nf3 d6 3. d4 cxd4 4. Nxd4 Nf6 5. Nc3 e6 6. g3 Nc6 7. Bg2 Bd7 8. O-O
Be7 9. Re1 Qc7 10. Ncb5 Qb8 11. c4 O-O 12. h3 Na5 13. Na3 a6 14. Qe2 Qc7 15. Bd2
Rac8 16. Rac1 Rfe8 17. b4 Nc6 18. Nb3 Qb8 19. f4 g6 20. g4 Red8 21. e5 Ne8 22.
c5 dxc5 23. bxc5 b6 24. Be3 a5 25. Rb1 g5 26. Nc4 gxf4 27. Bf2 bxc5 28. Nxc5 Qc7
29. Nxd7 Nd4 30. Qe4 1-0